01068nab a2200277 uc450000100070000000500170000700800410002403500110006503500210007604000130009704100080011010000430011824501280016165000380028965000690032765000510039665000290044765000280047665000300050465000430053465000370057765000390061477301080065394200100076199900190077172373020240831092718.0020305e20010701 spa  a723730 a(OCoLC)819934613 ccomduadb aspa10aCamacho Diaz, Amparo4auteaut935196010aCaracterizacion de la informatica educativa en las instituciones oficiales de basica y media de la region Caribe colombiana aTecnología informática939477 0aTecnologías de la información y de la comunicación9200985 aProyecto educativo institucional (PEI)9118059 7aEducación2embne94652 7aPedagogía2lemb91626 aPráctica docente972293 0aProceso enseñanza-aprendizaje924864 aPedagogía - Innovaciones92687 7aProcesos cognitivos2embne91110160 tIngeniería y Desarrollo (Barranquilla)gNo. 10, Jul.-Dic. 2001, p. 105-119w578380x0122-34610143969 cARIMP c237719d237719